5HLuxD.jpg

KING HENRY VIII SENIOR AND PRIMARY SCHOOL LIBRARY OPAC

Rumble in the jungle / (Record no. 1528)

000 -LEADER
fixed length control field 00974pam a2200313 a 4500
001 - CONTROL NUMBER
control field 013455708
003 - CONTROL NUMBER IDENTIFIER
control field Uk
005 - DATE AND TIME OF LATEST TRANSACTION
control field 20230111152122.0
008 - FIXED-LENGTH DATA ELEMENTS--GENERAL INFORMATION
fixed length control field 060411r20061996enka j 000 0 eng
015 ## - NATIONAL BIBLIOGRAPHY NUMBER
National bibliography number GBA643349
Source bnb
016 7# - NATIONAL BIBLIOGRAPHIC AGENCY CONTROL NUMBER
Record control number 013455708
Source Uk
020 ## - INTERNATIONAL STANDARD BOOK NUMBER
Canceled/invalid ISBN 1860396607
040 ## - CATALOGING SOURCE
Original cataloging agency StDuBDS
Language of cataloging eng
Transcribing agency StDuBDS
Modifying agency Uk
-- KH8
042 ## - AUTHENTICATION CODE
Authentication code ukblsr
082 04 - DEWEY DECIMAL CLASSIFICATION NUMBER
Classification number 821.914 AND
Edition number 22
100 1# - MAIN ENTRY--PERSONAL NAME
Personal name Andreae, Giles,
Dates associated with a name 1966-
Relator term Author
245 10 - TITLE STATEMENT
Title Rumble in the jungle /
Statement of responsibility, etc. Giles Andreae ; illustrated by David Wojtowycz.
260 ## - PUBLICATION, DISTRIBUTION, ETC.
Place of publication, distribution, etc. London :
Name of publisher, distributor, etc. Orchard,
Date of publication, distribution, etc. [2006?]
300 ## - PHYSICAL DESCRIPTION
Extent [32] p. :
Other physical details chiefly col. ill. ;
Dimensions 31 cm. +
336 ## - CONTENT TYPE
Content type term text
Source rdacontent
337 ## - MEDIA TYPE
Media type term unmediated
Source rdamedia
338 ## - CARRIER TYPE
Carrier type term volume
Source rdacarrier
500 ## - GENERAL NOTE
General note Originally published: 1996.
500 ## - GENERAL NOTE
General note Formerly CIP.
Institution to which field applies Uk
650 #0 - SUBJECT ADDED ENTRY--TOPICAL TERM
Topical term or geographic name entry element Animals
Form subdivision Pictorial works
-- Juvenile poetry.
650 #0 - SUBJECT ADDED ENTRY--TOPICAL TERM
Topical term or geographic name entry element Children's poetry, English
Form subdivision Pictorial works.
700 1# - ADDED ENTRY--PERSONAL NAME
Personal name Wojtowycz, David.
Relator term Illustrator
942 ## - ADDED ENTRY ELEMENTS (KOHA)
Source of classification or shelving scheme
Koha item type Books - Non Ficton
Holdings
Withdrawn status Lost status Source of classification or shelving scheme Damaged status Not for loan Collection code Permanent Location Current Location Shelving location Date acquired Total Checkouts Full call number Barcode Date due Date last seen Date last checked out Price effective from Koha item type
          Non-Fiction KH8 Primary School Library KH8 Primary School Library Easy Reading 2023-01-11 4 821.914 AND KHPL000003292 2023-03-22 2023-03-13 2023-03-13 2023-01-11 Books - Non Ficton

Powered By KH8 IT Dept